| 000 | 00558nam a2200169 4500 | ||
|---|---|---|---|
| 001 | 122204 | ||
| 003 | ES-MaACL | ||
| 005 | 20251116063103.0 | ||
| 007 | t| | ||
| 008 | 070214s1973 sp r ||||1| spa d | ||
| 100 | 0 |
_aPrieto-Castro y Ferrándiz, Leonardo _993919 |
|
| 245 | 1 | 0 |
_aModelos para la práctica jurídica procesal civil / _ccompuesto por Leonardo Prieto-Castro y Ferrándiz. |
| 260 |
_aMadrid : _bTecnos, _c1973. |
||
| 300 |
_a271 p., 1 lám. = retr. aut. ; _c21 cm. |
||
| 852 |
_aES-MaACL _jC-54013 _bR.86672 |
||
| 999 |
_c122204 _d122204 |
||